|
|
|
|
| LEADER |
03039nam a22004213i 4500 |
| 001 |
EBC7101402 |
| 003 |
MiAaPQ |
| 005 |
20240729202204.0 |
| 006 |
m o d | |
| 007 |
cr cnu|||||||| |
| 008 |
240729s2015 xx o ||||0 ger d |
| 020 |
|
|
|a 9783428574889
|q (electronic bk.)
|
| 020 |
|
|
|z 9783428174881
|
| 035 |
|
|
|a (MiAaPQ)EBC7101402
|
| 035 |
|
|
|a (Au-PeEL)EBL7101402
|
| 035 |
|
|
|a (OCoLC)1347027247
|
| 040 |
|
|
|a MiAaPQ
|b eng
|e rda
|e pn
|c MiAaPQ
|d MiAaPQ
|
| 100 |
1 |
|
|a Palyi, Melchior.
|
| 245 |
1 |
4 |
|a Die Devalvierung des österreichischen Papiergeldes Im Jahre 1811. eine Finanzgeschichtliche Darstellung Nach Archivalischen Quellen :
|b Geschichte der Stabilisierungsversuche, Hrsg. Von Melchior Palyi, Erster Teil. Deutsche Zahlungsbilanz und Stabilisierungsfrage, Im Auftrage des Vereins Veranstaltet Von Karl Diehl - Felix Somary. (Schriften des Vereins Für Sozialpolitik 165-I).
|
| 250 |
|
|
|a 1st ed.
|
| 264 |
|
1 |
|a Berlin :
|b Duncker & Humblot,
|c 2015.
|
| 264 |
|
4 |
|c {copy}1923.
|
| 300 |
|
|
|a 1 online resource (240 pages)
|
| 336 |
|
|
|a text
|b txt
|2 rdacontent
|
| 337 |
|
|
|a computer
|b c
|2 rdamedia
|
| 338 |
|
|
|a online resource
|b cr
|2 rdacarrier
|
| 490 |
1 |
|
|a Duncker and Humblot Reprints Series
|
| 505 |
0 |
|
|a Intro -- Inhaltsübersicht -- 1. Einleitung -- 2. Hofkammerpräsident Graf Wallis und die Papiergeldfrage -- 3. Der Plan des Grafen Wallis -- 4. Die Vorschläge des Staats- und Konferenzministers Grafen Zichy -- 5. Die Beratungen über die Pläne der Grafen Zichy und Wallis -- 6. Die Gegenvorschläge des Vizekanzlers v. Baldacci -- 7. Vor der Kundmachung der Entscheidung -- 8. Das Devalvierungspatent -- 9. Das weitere Vorgehen des Hofkammerpräsidenten und die Abwehr neuer Angriffe auf sein System -- 10. Die Kundmachung des Devalvierungspatents und dessen unmittelbare Wirkung in Wien, Nieder- und Oberösterreich -- 11. Die Aufnahme des Devalvierungspatents und dessen Folgeerscheinungen in Steiermark und Kärnten -- 12. Die Wirkung der Devalvierungsverfügung in Böhmen, Mähren, Schlesien und Galizien -- 13. Das Finanzpatent oder vielmehr die königlichen Reskripte vom 15. März 1811 und vom 1. August 1812 in Ungarn -- 14. Das Ende des Wallisschen Finanzsystems.
|
| 588 |
|
|
|a Description based on publisher supplied metadata and other sources.
|
| 590 |
|
|
|a Electronic reproduction. Ann Arbor, Michigan : ProQuest Ebook Central, 2024. Available via World Wide Web. Access may be limited to ProQuest Ebook Central affiliated libraries.
|
| 655 |
|
4 |
|a Electronic books.
|
| 700 |
1 |
|
|a Diehl, Karl.
|
| 700 |
1 |
|
|a Somary, Felix.
|
| 700 |
1 |
|
|a Hofmann, Victor.
|
| 776 |
0 |
8 |
|i Print version:
|a Palyi, Melchior
|t Die Devalvierung des österreichischen Papiergeldes Im Jahre 1811. eine Finanzgeschichtliche Darstellung Nach Archivalischen Quellen
|d Berlin : Duncker & Humblot,c2015
|z 9783428174881
|
| 797 |
2 |
|
|a ProQuest (Firm)
|
| 830 |
|
0 |
|a Duncker and Humblot Reprints Series
|
| 856 |
4 |
0 |
|u https://ebookcentral.proquest.com/lib/matrademy/detail.action?docID=7101402
|z Click to View
|